000 00540nam a22001697a 4500
999 _c41058
_d41058
003 OSt
005 20210304100007.0
008 210304b ||||| |||| 00| 0 eng d
020 _a9780199608218
040 _coclc
082 _a820.90003
_bBIR/C
100 _95729
_aBirch, Dinah
245 _aThe Concise Oxford Companion To English Language /
_cDinah Birch ; Katy Hooper
260 _aUnited Kingdom:
_bOxford University Press,
_c2012.
300 _a815p
942 _2ddc
_cBK
_h820.90003
_iBIR/C
_k820.90003
_mBIR/C